The middle Triassic marine invertebrate faunas of North America, (Record no. 25369)

MARC details
000 -LEADER
fixed length control field 01039cam a22003011 4500
001 - CONTROL NUMBER
control field gs 14000478
003 - CONTROL NUMBER IDENTIFIER
control field DLC
005 - DATE AND TIME OF LATEST TRANSACTION
control field 20260227111315.0
008 - FIXED-LENGTH DATA ELEMENTS--GENERAL INFORMATION
fixed length control field 770725s1914 dcuf b f001 0 eng c
010 ## - LIBRARY OF CONGRESS CONTROL NUMBER
LC control number gs 14000478
035 ## - SYSTEM CONTROL NUMBER
System control number (OCoLC)3138382
040 ## - CATALOGING SOURCE
Original cataloging agency U.S. Geol. Survey. Library
Transcribing agency FTaSU
Modifying agency FTaSU
-- OCoLC
-- ISS
-- DLC
042 ## - AUTHENTICATION CODE
Authentication code premarc
050 00 - LIBRARY OF CONGRESS CALL NUMBER
Classification number QE75
Item number .P9 no. 83
082 ## - DEWEY DECIMAL CLASSIFICATION NUMBER
Classification number 200 no.83 s
086 0# - GOVERNMENT DOCUMENT CLASSIFICATION NUMBER
Classification number I 19.16:83
100 1# - MAIN ENTRY--PERSONAL NAME
Personal name Smith, James Perrin,
Dates associated with a name 1864-1931.
245 14 - TITLE STATEMENT
Title The middle Triassic marine invertebrate faunas of North America,
Statement of responsibility, etc. by James Perrin Smith.
260 ## - PUBLICATION, DISTRIBUTION, ETC.
Place of publication, distribution, etc. Washington,
Name of publisher, distributor, etc. Govt. Print. Off.,
Date of publication, distribution, etc. 1914.
300 ## - PHYSICAL DESCRIPTION
Extent 254 p.
Other physical details XCIX pl. on 500, fold. tab.
Dimensions 30 cm.
490 0# - SERIES STATEMENT
Series statement U. S. Geological Survey. Professional paper 83
500 ## - GENERAL NOTE
General note Issued also as House Doc. 587, 63d Cong., 2d sess.
500 ## - GENERAL NOTE
General note Plates printed on both sides of leaves.
504 ## - BIBLIOGRAPHY, ETC. NOTE
Bibliography, etc. note Bibliography: p. 20-23.
500 ## - GENERAL NOTE
General note Includes index.
650 #0 - SUBJECT ADDED ENTRY--TOPICAL TERM
Topical term or geographic name entry element Paleontology
Chronological subdivision Triassic.
650 #0 - SUBJECT ADDED ENTRY--TOPICAL TERM
Topical term or geographic name entry element Paleontology
Geographic subdivision North America.

No items available.

Powered by Koha